000 00733nam a2200253Ia 4500
003 OSt
005 20220928111228.0
006 a|||||r|||| 00| 0
007 ta
008 220927b |||||||| |||| 00| 0 hin d
020 _c800
024 _a126527
037 _b463, 23/02/2015, Kiran Book Service
_cTextual
040 _aSDCL
_cSDCL
_bhin
041 _2hin
_ahin
082 _aWxC7,1, Q4
100 _aPrasad Om Prakash
_9422909
245 0 _aKautilya ka arthashastra
260 _aNew Delhi
_bRajkamal Prakashan Pvt.Ltd.
_c2014
300 _a7;446p
_ccm.
650 _aHindi
_9391598
942 _hWxC7,1, Q4
_cTEXL
_2CC
999 _c739375
_d739375